La preparación de los profesores primarios en los Estados Unidos de Norteamerica

Saved in:
Bibliografiske detaljer
Hovedforfatter: Lara de Vásquez, Ana (Author)
Format: Bog
Sprog:spansk
Udgivet: Santiago Ministerio de Educación Publica 1929
Serier:Publicación del departamento técnico, 10
Fag:
Tags: Tilføj Tag
Ingen Tags, Vær først til at tagge denne postø!

MARC

LEADER 00000nam a2200000 a 4500
001 UCY4428
003 CL-VaPUC
008 950313e19290000CL |||||||||||||||||spa|d
082 0 4 |a 370.71  |b LAR  |2 21 
100 0 |a Lara de Vásquez, Ana  |e author  |9 332867 
245 1 3 |a La preparación de los profesores primarios en los Estados Unidos de Norteamerica 
300 |a 37 p 
942 |c BK 
945 |d 19950313 00:00:00  |a rbrito 
260 |a Santiago  |b Ministerio de Educación Publica  |c 1929 
650 0 |a Formación profesional de profesores  |9 307493 
651 0 |a Estados Unidos  |9 255178 
583 |a last modification  |c 20181001 01:28:23  |k Rodrigo Vera 
490 0 |a Publicación del departamento técnico, 10 
999 |c 232290  |d 232288 
952 |0 0  |1 0  |4 0  |6 370_710000000000000_LAR_1929  |7 0  |8 P  |9 236415  |a BIBEDU  |b BIBEDU  |c BIBEDU_PB  |d 2019-11-15  |i 3063836  |o 370.71 LAR 1929  |p 3063836  |r 2024-01-25  |w 2019-11-15  |y BK  |k EDU